| 000 | 00378nam a2200145Ia 4500 | ||
|---|---|---|---|
| 008 | 230917s9999||||xx |||||||||||||| ||und|| | ||
| 040 |
_e159957 _aMAIN |
||
| 041 | _aEnglish | ||
| 082 | _a647.94068 I5F | ||
| 100 | _aIsmail, Ahmed | ||
| 245 | 0 | _aFront office: Operations and management | |
| 260 |
_aNew Delhi _bDelmar Cengage Learning _c2002 |
||
| 300 | _a355 p. | ||
| 942 | _cBK | ||
| 999 |
_c140221 _d140221 |
||